| 000 | 02657nam a22003977a 4500 | ||
|---|---|---|---|
| 001 | 103786 | ||
| 003 | KnowledgeUnlatched | ||
| 005 | 20210303104901.0 | ||
| 006 | m o d | ||
| 007 | cr u|||||||||| | ||
| 008 | 210129p20202020xx o u00| u eng d | ||
| 037 | _5BiblioBoard | ||
| 245 | 0 | 0 |
_aAffective Trajectories _bReligion and Emotion in African Cityscapes / _cHansjörg Dilger, Astrid Bochow, Marian Burchardt, Matthew Wilhelm-Solomon. |
| 020 | _a9781478007166 | ||
| 024 | 8 | _ahttps://doi.org/10.1215/9781478007166 | |
| 029 | 1 | _ahttps://library.biblioboard.com/ext/api/media/d0c3be0f-a885-49b5-af09-b9cd4606f516/assets/thumbnail.jpg | |
| 040 |
_aScCtBLL _cScCtBLL |
||
| 506 | 0 |
_aAccess copy available to the general public. _fUnrestricted _2star |
|
| 700 | 1 |
_aDilger, Hansjörg _eeditor. |
|
| 700 | 1 |
_aBochow, Astrid _eeditor. |
|
| 700 | 1 |
_aBurchardt, Marian _eeditor. |
|
| 700 | 1 |
_aWilhelm-Solomon, Matthew _eeditor. |
|
| 264 | 1 | _bDuke University Press, | |
| 300 | _a1 online resource (1 p.) | ||
| 520 | _aAffective Trajectories explores affective and emotional experiences as manifestations of religion in the rapidly shifting conditions of postcolonial African urban spaces and the diaspora. The editors define the term "affective trajectory" as the force of affect in the religious lives of individuals and communities; it is a network of people, religious forces, and material places that are established, dissolved, and remade, and a mode of articulating time-space coordinates that include, for instance, traces of the former presences of people and of encounters between believers, gods, and spirits in urban space. The chapters address diverse topics including: Apostolic Christianity in Harare; Pentecostal revivalism and Islamic reformism in Abuja; mediums of healing among Christian patients in West Africa; spiritual cleansing in a Congolese branch of a Japanese religious movement; Islam, gender, and sexuality in Zanzibar; and Christianity, family, and identity in Gaborone; among others. | ||
| 588 | 0 | _aDescription based on print version record. | |
| 590 | _aKU Select 2019: HSS Frontlist Books | ||
| 650 | 7 |
_aReligion _2bisacsh |
|
| 650 | 0 | _aReligion | |
| 655 | 0 | _aElectronic books. | |
| 758 |
_iIs found in: _aKnowledge Unlatched _1https://openresearchlibrary.org/module/2774bc74-146a-484f-a7ba-ab1d6a09bbfb |
||
| 856 | 4 | 0 |
_uhttps://openresearchlibrary.org/content/d0c3be0f-a885-49b5-af09-b9cd4606f516 _zView this content on Open Research Library. _70 |
| 999 |
_c32837 _d32837 |
||